| 000 | 02113nam a2200589 i 4500 | ||
|---|---|---|---|
| 001 | 24417 | ||
| 003 | KOSZ 005 | ||
| 005 | 20200405175118.0 | ||
| 008 | 970510s1994 pl a f |000 0 pol | ||
| 015 | _aUWD 1995/4821 | ||
| 020 | _a8385261311 | ||
| 035 | _a991000042439705066 | ||
| 035 | _a(PL-WaBN)b10042775-48omnis_nlop | ||
| 035 | _ab10042775 | ||
| 035 | _a(OCoLC)751363126 | ||
| 035 | _a(PL)b0000001004277 | ||
| 035 | _a(EXLNZ-48OMNIS_NETWORK)9910253255705606 | ||
| 040 |
_aWA N _cWA N _dKOSZ 005/EG |
||
| 080 | _a504(438) | ||
| 080 | _a631.4 | ||
| 080 | _a543 | ||
| 080 | _a(075.8) | ||
| 245 | 1 | 0 |
_aĆwiczenia specjalistyczne z ochrony środowiska przyrodniczego / _cpod red. Anny Krauze ; [oprac. Teresa Bowszys et al.]. |
| 260 |
_aOlsztyn : _bWydaw. ART, _c1994. |
||
| 300 |
_a126, [2] s., [1] k. tabl. złoż. : _bfot. kolor., mapy, wykr. ; _c23 cm. |
||
| 336 |
_2rdacontent _aTekst _btxt |
||
| 337 |
_2rdamedia _aBez urządzenia pośredniczącego _bn |
||
| 338 |
_2rdacarrier _aWolumin _bnc |
||
| 380 | _aKsiążki | ||
| 380 | _aPublikacje dydaktyczne | ||
| 385 |
_mPoziom nauczania _aSzkoły wyższe |
||
| 388 | _a1901-2000 | ||
| 490 | 1 | _aSkrypty Akademii Rolniczo-Technicznej w Olsztynie | |
| 504 | _aBibliogr. przy rozdz. | ||
| 521 | _aDla studentów studiów stacjonarnych i zaocznych Wydziałów Rolniczego oraz Ochrony Wód i Rybactwa Śródlądowego. | ||
| 650 | 7 |
_aChemia analityczna _2DBN |
|
| 650 | 7 | _aMetody | |
| 650 | 7 |
_aChemikalia _2DBN |
|
| 650 | 7 |
_aGleba _2DBN |
|
| 650 | 7 |
_aRośliny uprawne _2DBN |
|
| 650 | 7 |
_aWoda _2DBN |
|
| 651 | _aPolska | ||
| 655 | 7 |
_aPodręczniki akademickie _2DBN |
|
| 658 | _aOchrona środowiska | ||
| 700 | 1 |
_aBowszys, Teresa _eOpracowanie |
|
| 700 | 1 |
_aKrauze, Anna _eRedakcja |
|
| 710 | 2 | _aWydawnictwo ART | |
| 830 | 0 | _aSkrypty Akademii Rolniczo-Technicznej w Olsztynie | |
| 856 |
_uhttp://koha.tu.koszalin.pl/cgi-bin/koha/opac-detail.pl?biblionumber=24417 _yKatalog online BPK |
||
| 942 |
_2UKD _cKS |
||
| 999 |
_c24417 _d24417 |
||